000 00519nam a22001577a 4500
003 OSt
005 20240405151057.0
008 240405b |||||||| |||| 00| 0 eng d
040 _cCentral Library MRSPTU
100 _aPreetam Saini (ਪ੍ਰੀਤਮ ਸੈਨੀ )
245 _aSanatan Punjabi Kav (ਸਨਾਤਨ ਪੰਜਾਬੀ ਕਾਵਿ)
_bA Collection of Medieval Punjabi Poetry
250 _a1st
260 _aPatiala
_bPublication Bureau Punjabi University
_c1982
300 _a204
942 _2ddc
_cBK
_n0
999 _c9998
_d9998